En busca del tiempo perdido (Registro nro. 27200)

Detalles MARC
000 -ENCABEZADO
Número de control [NR] 01268nam a2200325Ia 4500
008 - DE LONGITUD FIJA DE DATOS DE ELEMENTOS - INFORMACIÓN GENERAL
Elementos de longitud fija [NR] 130821s1998 sp gr spa
020 ## - NUMERO INTERNACIONAL NORMALIZADO PARA LIBROS [R]
Número Internacional Normalizado del libro [NR] 8420633631
Términos de disponibilidad [NR] Volumen 1
020 ## - NUMERO INTERNACIONAL NORMALIZADO PARA LIBROS [R]
Número Internacional Normalizado del libro [NR] 8420638064
Términos de disponibilidad [NR] Volumen 7
020 ## - NUMERO INTERNACIONAL NORMALIZADO PARA LIBROS [R]
Número Internacional Normalizado del libro [NR] 8420647039
Términos de disponibilidad [NR] Obra Completa
020 ## - NUMERO INTERNACIONAL NORMALIZADO PARA LIBROS [R]
Número Internacional Normalizado del libro [NR] 9788420633633
020 ## - NUMERO INTERNACIONAL NORMALIZADO PARA LIBROS [R]
Número Internacional Normalizado del libro [NR] 9788420647036
040 ## - FUENTE DE CATALOGACION [NR]
Agencia de catalogación original [NR] Co-BoUCM
Idioma de catalogación [NR] spa
041 00 - CODIGO DE IDIOMA [R]
Código de idioma para texto/pista de sonido o título separado [R] Español
100 1# - ASIENTO PRINCIPAL--NOMBRE PERSONAL [NR]
Nombre personal [NR] Proust, Marcel
Fechas asociadas con el nombre [NR] 1871-1922
245 13 - MENCION DE TITULO [NR]
Título [NR] En busca del tiempo perdido
Mención de responsabilidad, etc. [NR] Marcel Proust ; traductor Pedro Salinas.
260 ## - PUBLICACION, DISTRIBUCION, ETC. (PIE DE IMPRENTA) [R]
Lugar de publicación, distribución, etc. [R] Madrid (España)
Nombre del editor, distribuidor, etc. [R] Alianza Editorial
Fecha de publicación, distribución, etc. [R] 1998
300 ## - DESCRIPCION FISICA [R]
Extensión [R] 7 volúmenes
490 #0 - MENCION DE SERIE [R]
Mención de serie [R] Biblioteca Proust
Designación numérica/secuencial del volumen [NR] BA0570
490 #0 - MENCION DE SERIE [R]
Mención de serie [R] Biblioteca Proust
Designación numérica/secuencial del volumen [NR] BA0576
500 ## - NOTA GENERAL [R]
Nota general [NR] Incluye índice
500 ## - NOTA GENERAL [R]
Nota general [NR] Volumen 7 ejemplar 2 es donación UCM-C-ARRAYANES.
505 ## - NOTA DE CONTENIDO CON FORMATO PREESTABLECIDO [R]
Información miscelánea [R] V.1
State manifest and birth record (1764-1977). Por el camino de Swam. --
Información miscelánea [R] V.2
State manifest and birth record (1764-1977). A la sombra de las muchachas en flor. --
Información miscelánea [R] V.3
State manifest and birth record (1764-1977). El mundo de Guermontes. --
Información miscelánea [R] V.4
State manifest and birth record (1764-1977). Sodoma y Gomorra. --
Información miscelánea [R] V.5
State manifest and birth record (1764-1977). La prisionera. --
Información miscelánea [R] V.6
State manifest and birth record (1764-1977). La fugitiva . --
Información miscelánea [R] V.7
State manifest and birth record (1764-1977). El tiempo recobrado.
650 04 - ASIENTO SECUNDARIO DE MATERIA - TERMINO TEMATICO [R]
Término temático o nombre geográfico como elemento de entrada [NR] Literatura francesa
9 (RLIN) 7794
650 04 - ASIENTO SECUNDARIO DE MATERIA - TERMINO TEMATICO [R]
Término temático o nombre geográfico como elemento de entrada [NR] Novela francesa
9 (RLIN) 20506
700 1# - ASIENTO SECUNDARIO - NOMBRE PERSONAL [R]
Nombre personal [NR] Berges, Consuelo
Término de relación [R]
700 1# - ASIENTO SECUNDARIO - NOMBRE PERSONAL [R]
Nombre personal [NR] Salinas, Pedro
Término de relación [R]
765 1# - ASIENTO DE IDIOMA ORIGINAL [R]
Título [NR] Á la recherche du temps perdu
942 ## - ELEMENTOS DE ENTRADA AGREGADOS (KOHA)
Tipo de ítem principal el descrito en 300a Libro
Tema principal Literatura
Edición 1
Parte restante de la signatura top. P968e
Sistema de clasificación DEWEY
Clasificación 843.52
Existencias
Fecha de último préstamo Total préstamos Total Renewals Signatura topográfica Código de barras Última vez visto Volúmen / Fascículo Ejemplar Price effective from Tipo de ítem Perdido Sistema de clasificación Dañado No prestable Tipo de ítem específico Suprimido Ubicación habitual Ubicación actual Localización Fecha de creación Forma de adquisición Costo
29/07/2024 34 23 843.52 P968e 100106803 09/12/2025 V.1 Ej.1 03/02/2013 Libro   DEWEY     Libro   Claustro Claustro 2do piso 28/02/2010   32000.00
17/04/2024 13 12 843.52 P968e 100118511 09/12/2025 V.1 Ej.3 03/02/2013 Libro   DEWEY     Libro   Claustro Claustro 2do piso 28/02/2011 Donación 26000.00
26/04/2019 25 2 843.52 P968e 100051138 09/12/2025 V.6 Ej.1 03/02/2013 Libro   DEWEY     Libro   Claustro Claustro 2do piso 28/02/2003 Compra 32000.00
02/11/2023 13   843.52 P968e 100051137 09/12/2025 V.5 Ej.1 03/02/2013 Libro   DEWEY     Libro   Claustro Claustro 2do piso 28/02/2003 Compra 32000.00
02/11/2023 31 11 843.52 P968e 100051136 09/12/2025 V.2 Ej.1 03/02/2013 Libro   DEWEY     Libro   Claustro Claustro 2do piso 28/02/2003 Compra 32000.00
05/10/2015 2 1 843.52 P968e 100117984 01/12/2025 V.7 Ej.2 03/02/2013 Libro   DEWEY     Libro   Fundación Cardioinfantil Fundación Cardioinfantil 1er piso 28/02/2011 Donación 26000.00
05/06/2015 14 1 843.52 P968e 100051212 01/12/2025 V.3 Ej.1 03/02/2013 Libro   DEWEY     Libro   Fundación Cardioinfantil Fundación Cardioinfantil 1er piso 28/02/2003 Compra 32000.00
21/10/2008 21   843.52 P968e 100051211 01/12/2025 V.4 Ej.1 03/02/2013 Libro   DEWEY     Libro   Fundación Cardioinfantil Fundación Cardioinfantil 1er piso 28/02/2003 Compra 32000.00
21/09/2013 21 1 843.52 P968e 100051139 01/12/2025 V.7 Ej.1 03/02/2013 Libro   DEWEY     Libro   Fundación Cardioinfantil Fundación Cardioinfantil 1er piso 28/02/2003 Compra 32000.00